Ako zostavovať a využívať odporúčajúcu bibliografiu

Bibliographic Details
Main Author: Staroňová, Elena (Author)
Format: Article
Language:Slovak
Subjects:

MARC

LEADER 00000nab a2200000 a 4500
001 vtls000087170
003 SK-MaSNL
005 20260303031845.0
008 111103c1981 xo 0 slo
015 |a SNBRB19rr/mm-uuuuu 
035 |a CL0097273 
040 |a SNKBUCL  |b slo  |c SNKBUCL  |e AACR2 
041 0 |a slo 
044 |a xo  |c SK 
080 |a 019.922  |2 1981 
100 1 |a Staroňová, Elena  |4 aut  |9 336706 
245 1 0 |a Ako zostavovať a využívať odporúčajúcu bibliografiu  |c Elena Staroňová 
650 0 7 |a bibliografia odporúčajúca  |2 snkbucl  |9 926035 
655 7 |a články z novín a časopisov  |2 snkbucl  |9 267496 
655 7 |a články z odboru knihovníctvo  |2 snkbucl  |9 166141 
773 0 |t Knihovník. Spravodaj jednotnej sústavy knižníc okresu Spišská Nová Ves  |g Č. 12 (1981), s. 49-50 
850 |a Slovenská národná knižnica v Martine  |a MTA001 
852 |a SNK  |b KIS3GCP 
958 |a RK 
958 |a KL 
992 |a RBX 
999 |c 1660735  |d 1662665